书目信息 |
| 题名: |
《实践论》《矛盾论》精讲
|
|
| 作者: | 王晓林 著 | |
| 分册: | ||
| 出版信息: | 北京 中国方正出版社 2021 |
|
| 页数: | 270页 | |
| 开本: | 21cm | |
| 丛书名: | ||
| 单 册: | ||
| 中图分类: | A841.24 | |
| 科图分类: | ||
| 主题词: | ||
| 电子资源: | ||
| ISBN: | 978-7-5174-0955-7 | |
| 000 | 00947nam0 2200241 450 | |
| 001 | 012024000116 | |
| 005 | 20241025220459.0 | |
| 010 | @a978-7-5174-0955-7@dCNY36.00 | |
| 100 | @a20241025d2021 em y0chiy50 ea | |
| 101 | 0 | @achi |
| 102 | @aCN@b110000 | |
| 105 | @ay z 000yy | |
| 106 | @ar | |
| 200 | 1 | @a《实践论》《矛盾论》精讲@AShi Jian Lun Mao Dun Lun Jing Jiang@f王晓林著 |
| 210 | @a北京@c中国方正出版社@d2021 | |
| 215 | @a270页@d21cm | |
| 330 | @a本书在中央党校精品课程“‘两论’导读”课程稿的基础上整理而成,指出了“两论”在思想史上的重要地位,论证了“两论”特殊的写作时机、作者身份、论战对象、历史作用等,阐释了“两论”的哲学要义和思想光芒,总结了“两论”的理论贡献和指导意义。 | |
| 605 | @a《实践论》@AShi Jian Lun@x毛泽东著作研究 | |
| 605 | @a《矛盾论》@AMao Dun Lun@x毛泽东著作研究 | |
| 690 | @aA841.24@v5 | |
| 701 | 0 | @a王晓林@AWang Xiao Lin@4著 |
| 801 | 0 | @aCN@bAHXH@c20241025 |
| 905 | @b214158114@b214158105@f2@dA841.24@e508 | |
| 《实践论》《矛盾论》精讲/王晓林著.-北京:中国方正出版社,2021 |
| 270页;21cm |
| ISBN 978-7-5174-0955-7:CNY36.00 |
| 本书在中央党校精品课程“‘两论’导读”课程稿的基础上整理而成,指出了“两论”在思想史上的重要地位,论证了“两论”特殊的写作时机、作者身份、论战对象、历史作用等,阐释了“两论”的哲学要义和思想光芒,总结了“两论”的理论贡献和指导意义。 |
| ● |
| 相关链接 |
|
|
|
|
正题名:《实践论》《矛盾论》精讲
索取号:A841.24/508
 
预约/预借
| 序号 | 登录号 | 条形码 | 馆藏地/架位号 | 状态 | 备注 |
| 1 | 1415810 | 214158105 | 第一样本阅览室/ [索取号:A841.24/508] | 在馆 | |
| 2 | 1415811 | 214158114 | 第一借阅区/ [索取号:A841.24/508] | 在馆 |